01010nam a2200277Ia 450000500170000000800410001702000180005810000410007624501100011725000360022730000250026349000250028865000460031365000500035965000370040965000510044670000380049794200150053526400330055033600270058333700330061033800280064304000350067108400110070699900150071720220317001312.0161108s1999 ck g 000 0 spa  a97895830066471 aSaint-Exupery, Antoine ded1900-194410aPiloto de guerracAntoine de Saint-Exupéry ; traducción Pedro Lama ; ilustraciones Juan David Giraldo a1a. ediciónb5a reimpresión a190 páginasc21 cm aLiteratura universal142LEMB aNovela juvenil francesa ySiglo XX142LEMB aLiteratura juvenil francesa ySiglo XX142LEMB aPilotos en la literatura 142LEMB aNavegación aérea en la literatura 1 aGiraldo, Juan Davidd1956-920158 2loccBKLIT aBogotábPanamericanac1999 atextobtxt2rdacontent asin mediaciónbn2rdamedia avolumenbnc2rdacarrier aCO-BoRNBPbspaerdacCO-BoRNBP aN SAI1 c6549d6549